<?xml version="1.0" encoding="UTF-8"?>
<record
    xmlns:xsi="http://www.w3.org/2001/XMLSchema-instance"
    xsi:schemaLocation="http://www.loc.gov/MARC21/slim http://www.loc.gov/standards/marcxml/schema/MARC21slim.xsd"
    xmlns="http://www.loc.gov/MARC21/slim">

  <leader>05062nam a2200349   4500</leader>
  <controlfield tag="001">254</controlfield>
  <controlfield tag="003">OSt</controlfield>
  <controlfield tag="005">20250528074016.0</controlfield>
  <controlfield tag="008">250220b        |||||||e |||| 00| 1 eng d</controlfield>
  <datafield tag="040" ind1=" " ind2=" ">
    <subfield code="b">por</subfield>
  </datafield>
  <datafield tag="041" ind1=" " ind2=" ">
    <subfield code="h">ita</subfield>
    <subfield code="a">por</subfield>
  </datafield>
  <datafield tag="082" ind1=" " ind2=" ">
    <subfield code="a">853</subfield>
    <subfield code="b">B664d</subfield>
  </datafield>
  <datafield tag="100" ind1="1" ind2=" ">
    <subfield code="a">Boccaccio, Giovanni,</subfield>
    <subfield code="d">1313-1375</subfield>
    <subfield code="9">465</subfield>
  </datafield>
  <datafield tag="240" ind1=" " ind2=" ">
    <subfield code="a">Decameron</subfield>
  </datafield>
  <datafield tag="245" ind1=" " ind2=" ">
    <subfield code="a">Decamer&#xE3;o /</subfield>
    <subfield code="c">Boccaccio, Giovanni ; Tradu&#xE7;&#xE3;o de Torrieri Guimar&#xE3;es</subfield>
  </datafield>
  <datafield tag="250" ind1=" " ind2=" ">
    <subfield code="a">2&#xB0; edi&#xE7;&#xE3;o</subfield>
  </datafield>
  <datafield tag="260" ind1=" " ind2=" ">
    <subfield code="a">S&#xE3;o Paulo</subfield>
    <subfield code="b">Abril</subfield>
    <subfield code="c">1971</subfield>
  </datafield>
  <datafield tag="300" ind1=" " ind2=" ">
    <subfield code="a">582 p.</subfield>
  </datafield>
  <datafield tag="490" ind1="1" ind2=" ">
    <subfield code="a">Os imortais da Literatura Universal</subfield>
    <subfield code="v">vol. 05</subfield>
  </datafield>
  <datafield tag="520" ind1=" " ind2=" ">
    <subfield code="a">Com subt&#xED;tulo de "Pr&#xED;ncipe Galeotto", o Decamer&#xE3;o marca com certa nitidez o per&#xED;odo de transi&#xE7;&#xE3;o vivido na Europa com o fim da Idade M&#xE9;dia, ap&#xF3;s o advento da Peste Negra - ali&#xE1;s &#xE9; neste per&#xED;odo de terror que a narrativa se passa.

Dez jovens (sete mo&#xE7;as e tr&#xEA;s rapazes) fogem das cidades tomadas pela pandemia que dizimava impiedosamente o continente europeu ao se recolherem a uma casa de campo. Aconselhados por Pampin&#xE9;ia, a mais velha entre as mulheres, estabaleceram que escolheriam um chefe para o grupo para cada dia. Sendo ela a primeira escolhida, definiu: "(...)Para os que vierem depois, o processo de escolha ser&#xE1; o seguinte: quando se vier aproximando a hora do surgimento de V&#xEA;nus, no c&#xE9;u, &#xE0; tarde, o chefe ser&#xE1;, &#xE0; vez de cada um, escolhido por aquele, ou aquela, que estiver comandando durante o dia.(...)"

O Decamer&#xE3;o, rompendo com a m&#xED;tica literatura medieval, &#xE9; considerado o primeiro livro realista da literatura.

As circunst&#xE2;ncias descritas em Decamer&#xE3;o t&#xEA;m o senso medieval de numerologia e significados m&#xED;sticos. Por exemplo, &#xE9; amplamente acreditado que as sete mo&#xE7;as representam as Quatro Virtudes Cardinais (Prud&#xEA;ncia, Justi&#xE7;a, Fortaleza, Temperan&#xE7;a) e as Tr&#xEA;s Virtudes Teologais (F&#xE9;, Esperan&#xE7;a e Caridade). E mais al&#xE9;m &#xE9; suposto que os tr&#xEA;s homens representam a Divis&#xE3;o da Alma em Tr&#xEA;s Partes (Raz&#xE3;o, Ira e Lux&#xFA;ria) da tradi&#xE7;&#xE3;o hel&#xEA;nica.

As mo&#xE7;as tinham idade entre 18 e 28 anos, eram bonitas e de origem nobre, e de comportamento honesto. Agrupadas por acaso na igreja de Santa Maria Novela, resolvem continuar juntas e logo surgem tr&#xEA;s mo&#xE7;os, com idade a partir dos 25 anos, agrad&#xE1;veis e bem educados, que procuravam suas amadas, que eram 3 das mo&#xE7;as ali reunidas.


Ele foi levado aos tribunais(Onde utilizou a famosa frase "Emma Bovary c'est moi" (Emma Bovary sou eu) para se defender das acusa&#xE7;&#xF5;es) acusado de ofensa &#xE0; moral e &#xE0; religi&#xE3;o, num processo contra o autor e tamb&#xE9;m contra Laurent Pichat, diretor da revista Revue de Paris, em que a hist&#xF3;ria foi publicada pela primeira vez, em epis&#xF3;dios e com alguns pequenos cortes. A Sexta Corte Correcional do Tribunal do Sena absolveu Flaubert, mas o mesmo procedimento n&#xE3;o foi adotado pelos cr&#xED;ticos puritanos da &#xE9;poca, que n&#xE3;o perdoaram o autor pelo tratamento cru que ele tinha dado, no romance, ao tema do adult&#xE9;rio, pela cr&#xED;tica ao clero e &#xE0; burguesia: (Gostava do mar apenas pelas suas tempestades e da verdura s&#xF3; quando a encontrava espalhada entre ru&#xED;nas. Tinha necessidade de tirar de tudo uma esp&#xE9;cie de benef&#xED;cio pessoal e rejeitava como in&#xFA;til o que quer que n&#xE3;o contribu&#xED;sse para a satisfa&#xE7;&#xE3;o imediata de um desejo do seu cora&#xE7;&#xE3;o - tendo um temperamento mais sentimental do que art&#xED;stico e interessando-se mais por emo&#xE7;&#xF5;es do que por paisagens.



&#xC9; considerada por alguns autores como a primeira obra da literatura realista.



Gustave Flaubert (1821-1880), o criador deste que &#xE9; por muitos considerado o &#xE1;pice da narrativa longa do s&#xE9;culo XIX - o chamado s&#xE9;culo de ouro do romance. Flaubert, o esteta, aquele que buscava o mot juste (a palavra exata) e burilava os seus textos por anos a fio, imbuiu-se da consci&#xEA;ncia e da sensibilidade da sua personagem. Atingiu, com a irretoc&#xE1;vel prosa de Madame Bovary, um dos mais altos graus de penetra&#xE7;&#xE3;o e an&#xE1;lise psicol&#xF3;gica da literatura universal.



Madame Bovary &#xE9; uma obra capital na literatura do seu tempo, um daqueles livros que d&#xE3;o in&#xED;cio a uma &#xE9;poca liter&#xE1;ria. Tomando propositadamente um tema sem grandeza aparente, Flaubert quis obrigar o seu talento a enfrentar dificuldades t&#xE9;cnicas que o levassem a vencer o romantismo exacerbado que o dominava. O resultado foi a obra-prima que o leitor tem em m&#xE3;os e que &#xC9;mile Zola descreveu da seguinte maneira: &#xAB;Quando Madame Bovary apareceu, foi uma completa revolu&#xE7;&#xE3;o liter&#xE1;ria. Teve-se a impress&#xE3;o de que a f&#xF3;rmula do romance moderno, esparsa pela obra colossal de Balzac, fora reduzida e claramente enunciada nas quatrocentas p&#xE1;ginas de um &#xFA;nico livro. Estava escrito o c&#xF3;digo da nova arte&#xBB;.</subfield>
  </datafield>
  <datafield tag="650" ind1=" " ind2="0">
    <subfield code="a">Literatura italiana</subfield>
    <subfield code="9">164</subfield>
  </datafield>
  <datafield tag="650" ind1=" " ind2="0">
    <subfield code="a">Hist&#xF3;rico</subfield>
    <subfield code="9">53</subfield>
  </datafield>
  <datafield tag="650" ind1=" " ind2="0">
    <subfield code="a">Pol&#xEA;mica</subfield>
    <subfield code="9">117</subfield>
  </datafield>
  <datafield tag="650" ind1=" " ind2="0">
    <subfield code="a">Esoterismo</subfield>
    <subfield code="9">415</subfield>
  </datafield>
  <datafield tag="650" ind1=" " ind2="0">
    <subfield code="a">Cl&#xE1;ssicos</subfield>
    <subfield code="9">77</subfield>
  </datafield>
  <datafield tag="650" ind1=" " ind2="0">
    <subfield code="a">Medieval </subfield>
    <subfield code="9">170</subfield>
  </datafield>
  <datafield tag="655" ind1=" " ind2="0">
    <subfield code="a">Romance</subfield>
    <subfield code="9">23</subfield>
  </datafield>
  <datafield tag="655" ind1=" " ind2="0">
    <subfield code="a">Fic&#xE7;&#xE3;o </subfield>
    <subfield code="9">22</subfield>
  </datafield>
  <datafield tag="700" ind1=" " ind2=" ">
    <subfield code="a">Torrieri Guimr&#xE3;es</subfield>
    <subfield code="e">Tradutor</subfield>
    <subfield code="9">466</subfield>
  </datafield>
  <datafield tag="830" ind1=" " ind2=" ">
    <subfield code="a">Os Imortais da Literatura Universal</subfield>
    <subfield code="v">vol. 05</subfield>
    <subfield code="9">461</subfield>
  </datafield>
  <datafield tag="942" ind1=" " ind2=" ">
    <subfield code="2">ddc</subfield>
    <subfield code="n">0</subfield>
    <subfield code="c">BK</subfield>
  </datafield>
  <datafield tag="952" ind1=" " ind2=" ">
    <subfield code="0">0</subfield>
    <subfield code="1">0</subfield>
    <subfield code="2">ddc</subfield>
    <subfield code="4">0</subfield>
    <subfield code="7">0</subfield>
    <subfield code="8">FIC</subfield>
    <subfield code="a">BIBIB</subfield>
    <subfield code="b">BIBIB</subfield>
    <subfield code="c">LE</subfield>
    <subfield code="d">2025-02-20</subfield>
    <subfield code="e">doa&#xE7;&#xE3;o</subfield>
    <subfield code="l">0</subfield>
    <subfield code="o">853 / B664d</subfield>
    <subfield code="p">2025-17203</subfield>
    <subfield code="r">2025-02-20 14:40:16</subfield>
    <subfield code="t">Ex. 01</subfield>
    <subfield code="w">2025-02-20</subfield>
    <subfield code="y">BK</subfield>
  </datafield>
  <datafield tag="952" ind1=" " ind2=" ">
    <subfield code="0">0</subfield>
    <subfield code="1">0</subfield>
    <subfield code="2">ddc</subfield>
    <subfield code="4">0</subfield>
    <subfield code="7">0</subfield>
    <subfield code="8">FIC</subfield>
    <subfield code="a">BIBIB</subfield>
    <subfield code="b">BIBIB</subfield>
    <subfield code="c">LE</subfield>
    <subfield code="d">2025-02-20</subfield>
    <subfield code="e">doa&#xE7;&#xE3;o</subfield>
    <subfield code="l">0</subfield>
    <subfield code="o">853 / B664d</subfield>
    <subfield code="p">2025-17204</subfield>
    <subfield code="r">2025-02-20 14:40:16</subfield>
    <subfield code="t">Ex. 02</subfield>
    <subfield code="w">2025-02-20</subfield>
    <subfield code="y">BK</subfield>
  </datafield>
  <datafield tag="999" ind1=" " ind2=" ">
    <subfield code="c">254</subfield>
    <subfield code="d">254</subfield>
  </datafield>
</record>
